| 000 | 00429 a2200133 4500 | ||
|---|---|---|---|
| 001 | ART_6176 | ||
| 005 | 20260410161825.0 | ||
| 008 | 260409a | ||
| 245 | 1 | 0 | _aCaracterísticas del consumo de productos pesqueros en el área urbana de Mar del Plata |
| 100 | 1 | _aErrazti, Elizabeth | |
| 700 | 1 | _aBertolotti, María Isabel | |
| 700 | 1 | _aAubone, Anibal | |
| 773 | 0 |
_tFACES _g- Año 1, Nº 1 (jun 1995) _wREV5046 |
|
| 999 |
_c22709 _d22709 |
||